000
00222nam a2200097Ia 4500
008
190216s9999||||xx |||||||||||||| ||und||
100
_a
Null
245
0
_a
Hindi-Television
260
_b
Mac Millian And Com. Ltd
942
_c
BK
999
_c
18443
_d
18443